[Event "Match"]
[Site "www.echecsemail.com"]
[Date "2017.07.06"]
[Round "1"]
[White "Sonny1000"]
[Black "Whitekknight"]
[WhiteElo "1460"]
[BlackElo "1920"]
[Result "0-1"]
[Round "1"]
1.e4 e5
2.c3 Nb8c6
3.Ng1f3 Ng8f6
4.Nf3h4 Nf6xe4
5.Qd1f3 Qd8xh4
6.Bf1c4 Ne4f6
7.Qf3f5 Qh4xc4
8.Nb1a3 Bf8xa3
9.b3 Qc4a6
10.Bc1xa3 d6
11.Qf5g5 Qa6xa3
12.Qg5xg7 Rh8g8
13.Qg7xf6 Rg8g6
14.Qf6h8 Ke7
15.Qh8xh7 Qa3b2
16.Qh7h4 Rg6f6
17.O-O Qb2xd2
18.b4 Qd2xc3
19.g4 Nc6d4
20.Kg2 Qc3f3
21.Kg1 Nd4e2
{ resign }
0-1

[Event "Match"]
[Site "www.echecsemail.com"]
[Date "2017.07.06"]
[Round "1"]
[White "Paco"]
[Black "Roque1"]
[WhiteElo "1940"]
[BlackElo "1990"]
[Result "1-0"]
[Round "1"]
1.e4 c5
2.Bf1c4 e6
3.Ng1f3 Nb8c6
4.O-O Bf8e7
5.d4 cxd4
6.Nf3xd4 d6
7.Bc4b5 Bc8d7
8.Nd4f3 Ng8f6
9.Qd1d3 O-O
10.Bc1f4 a6
11.Bb5xc6 Bd7xc6
12.Nb1c3 Qd8d7
13.Nf3g5 b5
14.e5 Nf6d5
15.Qd3xh7 
1-0

[Event "Match"]
[Site "www.echecsemail.com"]
[Date "2017.07.06"]
[Round "1"]
[White "Llord"]
[Black "Olivia"]
[WhiteElo "1950"]
[BlackElo "1329"]
[Result "1-0"]
[Round "1"]
1.e4 c6
2.d4 d5
3.e5 Bc8f5
4.Bf1d3 Bf5xd3
5.Qd1xd3 e6
6.Ng1f3 Bf8b4
7.c3 Bb4a5
8.Bc1g5 Qd8b6
9.O-O Nb8d7
10.Nb1d2 f6
11.exf6 Ng8xf6
12.Nf3e5  { time }
1-0

[Event "1/128 Finale"]
[Site "www.chess-mail.com"]
[Date "2017.07.06"]
[Round "1"]
[White "Llord"]
[Black "Madz123456"]
[WhiteElo "1930"]
[BlackElo "1780"]
[Result "0-1"]
[Round "1"]
1.e4 c5
2.Bf1c4 e6
3.Ng1f3 Nb8c6
4.O-O d5
5.exd5 exd5
6.Bc4b5 Ng8f6
7.d4 Bf8d6
8.dxc5 Bd6xc5
9.Nb1c3 O-O
10.Bc1g5 Bc8e6
11.Nc3a4 Bc5d6
12.Na4c3 h6
13.Bg5h4 Rf8e8
14.Nf3d4 Ra8c8
15.Nd4xe6 fxe6
16.Rf1e1 a6
17.Bb5d3 Nc6e5
18.h3 Re8f8
19.Re1e2 Rc8c6
20.a3 Qd8c7
21.Qd1d2 Nf6h5
22.Ra1e1 Nh5f4
23.Re2e3 d4
24.Re3g3 dxc3
25.bxc3 Ne5xd3
26.cxd3 Rc6xc3
27.Rg3g4 Nf4xd3
28.Rg4g3 Rf8xf2
29.Rg3xg7 Kxg7
30.Bh4xf2 Nd3xf2
31.Qd2xf2 Bd6c5
{ resign }
0-1

[Event "Tourn. n9329"]
[Site "www.chess-mail.com"]
[Date "2017.07.07"]
[Round "1"]
[White "Castletyme"]
[Black "Sorento"]
[WhiteElo "1850"]
[BlackElo "2130"]
[Result "0-1"]
[Round "1"]
1.e4 c5
2.Ng1f3 Nb8c6
3.Bf1b5 g6
4.Bb5xc6 bxc6
5.O-O Bf8g7
6.Nb1c3 e6
7.Nc3e2 d5
8.exd5 cxd5
9.c3 Ng8e7
10.Ne2g3 O-O
11.d3 e5
12.Rf1e1 Qd8c7
13.Bc1g5 f6
14.Bg5c1 a5
15.b3 Bc8b7
16.Bc1b2 f5
17.Nf3g5 Ra8a6
18.h4 h6
19.Ng5f3 e4
20.Nf3h2 Qc7f4
21.dxe4 fxe4
22.Re1f1 Qf4xh4
23.Nh2g4 h5
24.Ng4e3 Bg7e5
25.Qd1e1 Ra6f6
26.Bb2a3 Rf6xf2
27.Rf1xf2 Rf8xf2
28.Qe1xf2 Be5xg3
29.Qf2b2 Bb7a6
30.c4 dxc4
31.bxc4 Qh4h2
32.Kf1 Ne7d5
33.Ke2 Ba6xc4
34.Ne3xc4 Qh2xg2
35.Kd1 Qg2f1
36.Kd2 Bg3f4
37.Kc2 Qf1xc4
38.Kd1 Nd5c3
39.Ke1 Bf4g3
40.Kd2 Qc4d3
{ resign }
0-1

[Event "Tourn. n9393"]
[Site "www.chess-mail.com"]
[Date "2017.07.07"]
[Round "1"]
[White "Redapond1"]
[Black "Bojan"]
[WhiteElo "1930"]
[BlackElo "1940"]
[Result "0-1"]
[Round "1"]
1.d4 g6
2.Bc1f4 Bf8g7
3.Nb1c3 c6
4.Ng1f3 d6
5.e3 Qd8b6
6.Ra1b1 Ng8f6
7.Bf1d3 h6
8.O-O Nf6h5
9.d5 Nh5xf4
10.exf4 Nb8d7
11.dxc6 bxc6
12.Qd1e2 Nd7c5
13.Rf1e1 Qb6c7
14.Nc3e4 Nc5xd3
15.Qe2xd3 O-O
16.h3 Bc8f5
17.g4 Bf5d7
18.Ne4g3 e6
19.f5 exf5
20.gxf5 Bd7e8
21.fxg6 fxg6
22.Qd3b3 Kh7
23.Qb3d3 Ra8d8
24.Nf3d4 Rf8f6
25.Nd4e6 Qc7b6
26.Ne6xd8 Qb6xd8
27.Qd3e3 Be8d7
28.Qe3e7 Qd8c8
29.Rb1d1 Bd7xh3
30.Qe7xa7 Bh3e6
31.Qa7e7 Be6d5
32.Qe7e8 Qc8h3
33.Ng3e4 Rf6f4
34.Re1e3 Qh3h4
35.Ne4xd6 Qh4xf2
{ resign }
0-1

[Event "Tourn. n9433"]
[Site "www.chess-mail.com"]
[Date "2017.07.07"]
[Round "1"]
[White "Aiko1603"]
[Black "Carebear"]
[WhiteElo "2030"]
[BlackElo "1809"]
[Result "0-1"]
[Round "1"]
1.c4 g6
2.Nb1c3 c5
3.g3 Bf8g7
4.Bf1g2 Nb8c6
5.Ng1f3 d6
6.O-O Bc8f5
7.d3 Qd8d7
8.Bc1e3 Bf5h3
9.Nf3g5 Bh3xg2
10.Kxg2 Ra8c8
11.Ng5f3 f5
12.Qd1d2 e5
13.Qd2c1 h6
14.h4 Ng8f6
15.a3 Nc6d4
16.Be3xd4 cxd4
17.Nc3a2 b5
18.b3 f4
19.Qc1d2 fxg3
20.fxg3 bxc4
21.bxc4 Nf6g4
22.Rf1h1 Ng4e3
23.Kf2 e4
24.dxe4 O-O
25.Ra1c1 Bg7e5
26.Na2b4 Be5xg3
27.Kg1 Qd7g4
{ resign }
0-1

[Event "Tourn. n9422"]
[Site "www.chess-mail.com"]
[Date "2017.07.07"]
[Round "1"]
[White "Cal"]
[Black "Redabond"]
[WhiteElo "1620"]
[BlackElo "1640"]
[Result "0-1"]
[Round "1"]
1.c4 e5
2.e4 Bf8c5
3.Nb1c3 Ng8f6
4.d3 Nf6g4
5.Qd1xg4 Qd8f6
6.Ng1f3 O-O
7.Bf1e2 d5
8.cxd5 Bc8xg4
9.h3 Bg4xf3
10.Be2xf3 Qf6h4
11.O-O f5
12.a3 f4
13.Nc3b5 Nb8a6
14.b4 Rf8f6
15.bxc5 Na6xc5
16.Nb5xc7 Ra8c8
17.Nc7e6 Nc5xe6
18.dxe6 Rf6xe6
19.Bf3g4 h5
20.Bg4xh5 Qh4xh5
21.Bc1d2 Qh5g6
22.g4 Qg6h6
23.Kh2 Qh6h4
24.d4 exd4
25.Bd2xf4 Re6xe4
26.Bf4g3 Qh4h7
27.Ra1d1 Re4xg4
28.f3 Qh7c2
29.Bg3f2 Rg4f4
30.Kg3 Rc8f8
31.Bf2xd4 Rf4xf3
32.Rf1xf3 Qc2xd1
33.Rf3xf8 Kxf8
34.Bd4xa7 Qd1b3
35.Kg2 Qb3xa3
36.Ba7b8 b5
37.Bb8d6 Qa3xd6
{ resign }
0-1

[Event "Tourn. n9342"]
[Site "www.chess-mail.com"]
[Date "2017.07.07"]
[Round "1"]
[White "Numanoid"]
[Black "Pdebonis"]
[WhiteElo "2520"]
[BlackElo "2670"]
[Result "1/2-1/2"]
[Round "1"]
1.e4 c5
2.Ng1f3 d6
3.d4 cxd4
4.Nf3xd4 Ng8f6
5.Nb1c3 g6
6.Bc1e3 Bf8g7
7.f3 O-O
8.Qd1d2 Nb8c6
9.Bf1c4 Nc6xd4
10.Be3xd4 Bc8e6
11.Bc4b3 Qd8a5
12.O-O-O Rf8c8
13.Kb1 b5
14.g4 b4
15.Nc3e2 Be6xb3
16.cxb3 Rc8c6
17.a3 Ra8b8
18.Rd1c1 Rc6xc1
19.Rh1xc1 Nf6d7
20.Rc1c4 Nd7e5
21.Bd4xe5 Bg7xe5
22.h4 h6
23.f4 Be5g7
24.axb4 Qa5b6
25.Ne2d4 Bg7xd4
26.Rc4xd4 f6
27.e5 dxe5
28.fxe5 fxe5
29.Rd4c4 Kg7
30.Qd2d5 Qb6d6
{ draw }
1/2-1/2

[Event "Tourn. n9377"]
[Site "www.chess-mail.com"]
[Date "2017.07.07"]
[Round "1"]
[White "Thrillerfan"]
[Black "Darko10"]
[WhiteElo "2219"]
[BlackElo "2800"]
[Result "0-1"]
[Round "1"]
1.c4 e5
2.Nb1c3 Ng8f6
3.Ng1f3 Nb8c6
4.e3 Bf8b4
5.Qd1c2 Bb4xc3
6.Qc2xc3 Qd8e7
7.d4 Nf6e4
8.Qc3d3 exd4
9.Nf3xd4 O-O
10.Bf1e2 Qe7b4
11.Kf1 Qb4e7
12.f3 Ne4c5
13.Nd4xc6 dxc6
14.Qd3c2 Qe7f6
15.Bc1d2 Bc8f5
16.Qc2c3 Qf6g6
17.e4 Bf5xe4
18.fxe4 Nc5xe4
19.Qc3e3 Rf8e8
20.Ra1e1 Re8e6
21.Kg1 Ra8e8
22.Be2d3 Ne4xd2
{ resign }
0-1

[Event "Tourn. n9409"]
[Site "www.chess-mail.com"]
[Date "2017.07.07"]
[Round "1"]
[White "Astroboy"]
[Black "Xkafi"]
[WhiteElo "2089"]
[BlackElo "2000"]
[Result "1-0"]
[Round "1"]
1.e4 e5
2.Ng1f3 Nb8c6
3.Bf1c4 Bf8c5
4.c3 Ng8f6
5.d4 exd4
6.cxd4 Bc5b6
7.e5 Qd8e7
8.O-O Nf6g4
9.h3 Ng4h6
10.Bc1xh6 gxh6
11.Nb1c3 Rh8g8
12.Nc3d5 Qe7f8
13.Nd5f6 Ke7
14.Nf6xg8 Qf8xg8
15.d5 Nc6a5
16.Bc4d3 d6
17.exd6 Kxd6
18.Qd1d2 Ke7
19.Ra1e1 Kd8
20.Qd2xh6 Bc8d7
21.Bd3xh7 Qg8h8
22.Nf3g5 Bd7e8
23.Ng5xf7 Be8xf7
24.Qh6h4 { resign }
1-0

[Event "Tourn. n9440"]
[Site "www.chess-mail.com"]
[Date "2017.07.07"]
[Round "1"]
[White "Astroboy"]
[Black "Mitja"]
[WhiteElo "2210"]
[BlackElo "2000"]
[Result "1-0"]
[Round "1"]
1.e4 d5
2.d4 dxe4
3.Nb1c3 e6
4.Nc3xe4 h6
5.Ng1f3 c6
6.Bc1f4 Ng8f6
7.Ne4g3 Nf6d5
8.Bf4d2 Bf8e7
9.c4 Nd5f6
10.Bf1d3 Nb8d7
11.Qd1c2 b6
12.h3 Bc8b7
13.O-O Qd8c7
14.Rf1e1 O-O-O
15.b4 g5
16.c5 b5
17.a4 a6
18.Ng3f5 Rd8e8
19.Nf5d6 Be7xd6
20.cxd6 Qc7xd6
21.axb5 axb5
22.Bd3xb5 Nf6d5
23.Re1c1 Kd8
24.Ra1a7 Qd6b8
25.Ra7xb7 Qb8xb7
26.Bb5xc6 Nd5xb4
27.Bd2xb4 Qb7xb4
28.Bc6xd7 Kxd7
29.Qc2c7 { resign }
1-0

[Event "Tourn. n9420"]
[Site "www.chess-mail.com"]
[Date "2017.07.07"]
[Round "1"]
[White "Jazzy"]
[Black "Bojan"]
[WhiteElo "2170"]
[BlackElo "2010"]
[Result "1-0"]
[Round "1"]
1.e4 e5
2.Bf1c4 Nb8c6
3.Ng1f3 Qd8f6
4.Nb1c3 Nc6d4
5.Nf3xd4 exd4
6.Nc3e2 Bf8c5
7.d3 Ng8e7
8.O-O Ne7c6
9.Ne2f4 Nc6a5
10.Qd1h5 Na5xc4
11.Qh5xc5 Nc4xb2
12.Nf4d5 Qf6d6
13.Qc5xd6 cxd6
14.Bc1xb2 O-O
15.Bb2xd4 b6
16.Nd5e7 Kh8
17.Ne7f5 f6
18.Nf5xd6 Bc8a6
19.a4 Ra8c8
20.Nd6xc8 Ba6xc8
21.a5 { resign }
1-0

[Event "Match"]
[Site "www.echecsemail.com"]
[Date "2017.07.07"]
[Round "1"]
[White "Fvdp"]
[Black "Olivia"]
[WhiteElo "2470"]
[BlackElo "999"]
[Result "1-0"]
[Round "1"]
1.e4 c5
2.Nb1c3 Ng8f6
3.e5 Nf6g8
4.f4 d6
5.Ng1f3 Bc8g4
6.Bf1b5 Nb8d7
7.exd6 exd6
8.O-O Ng8f6
9.Rf1e1 Bf8e7
10.h3 Bg4f5
11.g4  { time }
1-0

[Event "Match"]
[Site "www.echecsemail.com"]
[Date "2017.07.07"]
[Round "1"]
[White "Azocarfreund"]
[Black "Cal"]
[WhiteElo "1399"]
[BlackElo "1670"]
[Result "1-0"]
[Round "1"]
1.e4 e5
2.Ng1f3 d6
3.Bf1c4 h6
4.c3 Ng8f6
5.Qd1b3 a6
6.Bc4xf7 Ke7
7.Bf7d5 c6
8.Bd5c4 b5
9.Bc4e2 Bc8e6
10.Qb3c2 Nb8d7
11.Nf3h4 g5
12.Nh4g6 Ke8
13.Ng6xh8 Bf8g7
14.Nh8g6 Be6f7
15.Ng6xe5 dxe5
16.O-O Qd8c7
17.d4 Bf7g6
18.Bc1e3 Bg6xe4
19.Be2h5 Nf6xh5
20.Qc2xe4 Nd7f6
21.Qe4g6 Kf8
22.Nb1d2 Ra8e8
23.Nd2e4 Re8e6
24.Qg6f5 Ke7
25.Ne4c5 Re6d6
26.Ra1e1 Rd6d5
27.Qf5e6 Kd8
28.Nc5xa6 Qc7b7
29.Na6c5 Qb7c7
30.Qe6h3 e4
31.Nc5e6 { resign }
1-0

[Event "Match"]
[Site "www.echecsemail.com"]
[Date "2017.07.07"]
[Round "1"]
[White "Pinehill"]
[Black "Olivia"]
[WhiteElo "2050"]
[BlackElo "999"]
[Result "1-0"]
[Round "1"]
1.e4 c5
2.Ng1f3 Nb8c6
3.d4 e6
4.d5 exd5
5.exd5 Qd8e7
6.Bf1e2 d6
7.dxc6 Ng8f6
8.O-O bxc6
9.Rf1e1 Bc8g4
10.Be2b5 Bg4e6
11.Bb5xc6  { time }
1-0

[Event "Match"]
[Site "www.echecsemail.com"]
[Date "2017.07.07"]
[Round "1"]
[White "Raulazo"]
[Black "Hundegana"]
[WhiteElo "1830"]
[BlackElo "2100"]
[Result "1-0"]
[Round "1"]
1.c4 c5
2.Nb1c3 Nb8c6
3.Ng1f3 Nc6d4
4.Nf3xd4 cxd4
5.Nc3e4 Ng8f6
6.Ne4xf6 gxf6
7.d3 e5
8.Qd1a4 Qd8e7
9.g3 Bf8g7
10.b3 O-O
11.Bc1a3 d6
12.Qa4b4 Rf8d8
13.Bf1g2 Ra8b8
14.O-O b6
15.c5 dxc5
16.Qb4c4 Bc8e6
17.Qc4c1 f5
18.Ra1b1 a5
19.e3 dxe3
20.Qc1xe3 Qe7f6
21.Ba3b2 Qf6h6
22.Qe3xh6 Bg7xh6
23.Bb2xe5 Rb8b7
24.Bg2xb7 Rd8xd3
25.Bb7a6 Rd3d2
26.a4 Kf8
27.Be5c3 Rd2d8
28.Bc3f6 Rd8a8
29.Ba6b7 Ra8b8
30.Bb7c6 Bh6g7
31.Bf6g5 h6
32.Bg5f4 Rb8c8
33.Bc6b5 h5
34.Bf4d6 Kg8
35.h4 Kh7
36.Bb5a6 Rc8a8
37.Ba6e2 Kg6
38.Kh2 Ra8d8
39.Bd6c7 Rd8d2
40.Be2f3 Rd2d3
41.Bf3e2 Rd3xb3
42.Rb1xb3 Be6xb3
43.Bc7xb6 Bb3xa4
44.Bb6xa5 Bg7d4
45.Ba5d2 Ba4b3
46.Be2d3 f6
47.f3 Bb3e6
48.Rf1e1 Kf7
49.Bd2f4 Ke7
50.Bd3xf5 Bd4e5
51.Bf5xe6 Kxe6
52.Bf4xe5 fxe5
53.f4 c4
54.Re1xe5 Kd6
55.Re5xh5 c3
56.Rh5h6 Kd5
57.Rh6a6 Kd4
58.Ra6d6 Ke3
59.Rd6e6 Kd2
60.Re6c6 c2
61.Rc6xc2 Kxc2
62.f5 Kd3
63.f6 Ke4
64.f7 Kf5
65.f8Q Kg4
66.Qf8f4 Kh5
67.Qf4g5 { resign }
1-0

[Event "Match"]
[Site "www.echecsemail.com"]
[Date "2017.07.07"]
[Round "1"]
[White "Karlgrocer"]
[Black "Jwc"]
[WhiteElo "2020"]
[BlackElo "1209"]
[Result "1-0"]
[Round "1"]
1.d4 d5
2.Ng1f3 Nb8c6
3.e3 a6
4.Bf1e2 Ng8f6
5.O-O g6
6.Nb1d2 Bf8g7
7.a3 O-O
8.b4 e5
9.dxe5 Nf6e4
10.Bc1b2 Rf8e8
11.b5 axb5
12.Bb2d4  { time }
1-0

[Event "Match"]
[Site "www.echecsemail.com"]
[Date "2017.07.07"]
[Round "1"]
[White "Bjonil60"]
[Black "Dussek"]
[WhiteElo "1480"]
[BlackElo "1499"]
[Result "0-1"]
[Round "1"]
1.Ng1f3 Ng8f6
2.d3 g6
3.e3 Bf8g7
4.Bf1e2 d6
5.O-O e5
6.Nf3d2 Nb8c6
7.Nb1c3 Bc8e6
8.e4 O-O
9.f3 Qd8e7
10.a3 a6
11.Nc3a2 Nc6d4
12.Nd2b3 Nd4xe2
13.Kh1 Ne2xc1
14.Nb3xc1 Bg7h6
15.c3 c6
16.g3 d5
17.exd5 Be6xd5
18.d4 Ra8d8
19.Nc1d3 e4
20.Nd3f2 e3
21.Nf2h3 e2
22.Qd1d2 Bh6xd2
23.Kg1 Qe7e3
24.Nh3f2 Bd5xf3
25.Rf1b1 Nf6g4
26.h3 Qe3xf2

0-1

[Event "Match"]
[Site "www.echecsemail.com"]
[Date "2017.07.07"]
[Round "1"]
[White "Whitekknight"]
[Black "Olivia"]
[WhiteElo "1960"]
[BlackElo "999"]
[Result "1-0"]
[Round "1"]
1.d4 d5
2.e4 dxe4
3.Nb1c3 Ng8f6
4.f3 exf3
5.Qd1xf3 Bc8g4
6.Qf3xb7 Nb8d7
7.Bc1f4 Ra8c8
8.Nc3b5 e6
9.Nb5xc7 Rc8xc7
10.Bf4xc7 Bf8b4
11.c3 O-O
12.Bc7xd8 Rf8xd8
13.Qb7xb4 Rd8b8
14.Qb4a3  { time }
1-0

[Event "Tourn. n9370"]
[Site "www.chess-mail.com"]
[Date "2017.07.08"]
[Round "1"]
[White "Robinjut"]
[Black "Pachi"]
[WhiteElo "1620"]
[BlackElo "1550"]
[Result "1-0"]
[Round "1"]
1.e4 e5
2.Ng1f3 d6
3.h3 g6
4.Nb1c3 f5
5.Bf1d3 b6
6.exf5 gxf5
7.Bd3c4 e4
8.Nf3d4 Qd8g5
9.g3 Bf8g7
10.d3 Qg5f6
11.Qd1h5 Qf6g6
12.Qh5xg6 hxg6
13.Nd4b5 Nb8a6
14.dxe4 Bg7xc3
15.Nb5xc3 Na6b4
16.Bc4d3 a5
17.Nc3b5 Kd8
18.a3 Nb4c6
19.Bc1g5 Ng8e7
20.O-O Rh8xh3
21.exf5 Bc8xf5
22.Bd3xf5 gxf5
23.Ra1e1 Rh3h7
24.f4 Kd7
25.c3 Ra8h8
26.b4 Ne7d5
27.Kf2 axb4
28.axb4 Rh7h2
29.Kf3 Rh8e8
30.g4 fxg4
31.Kxg4 Re8f8
32.Nb5d4 Nc6xd4
33.cxd4 Nd5xb4
34.Re1e7 Kc6
35.Rf1c1 Rh2c2
36.Rc1d1 b5
37.f5 Nb4d5
38.Re7e1 Rc2c3
39.Rd1a1 Nd5e3
40.Bg5xe3 b4
41.Ra1c1 Kd5
42.Kf4 c5
43.Rc1xc3 bxc3
44.dxc5 dxc5
45.Re1c1 Kc4
46.Rc1c2 Kd3
47.Rc2c1 c4
48.Be3c5 Rf8h8
49.f6 Rh8h6
50.Bc5e7 c2
51.f7 Kd2
52.f8Q Kxc1
53.Qf8xh6 Kb2
54.Qh6f6 c3
55.Qf6b6 Kc1
56.Be7a3 Kd1
57.Qb6g1 Kd2
58.Ba3c1 Kd3
59.Qg1e3 Kc4
60.Ke4 Kb4
61.Kd4 Kb3
62.Qe3xc3 Ka2
63.Qc3b2 
1-0

[Event "Tourn. n9343"]
[Site "www.chess-mail.com"]
[Date "2017.07.08"]
[Round "1"]
[White "Ditto"]
[Black "Nulladies"]
[WhiteElo "1710"]
[BlackElo "1880"]
[Result "1/2-1/2"]
[Round "1"]
1.e4 c5
2.Nb1c3 g6
3.Bf1c4 Bf8g7
4.d3 e6
5.Ng1f3 Ng8e7
6.Bc1g5 h6
7.Bg5d2 d5
8.exd5 exd5
9.Bc4b3 Bc8e6
10.O-O O-O
11.Ra1b1 Nb8c6
12.Bd2f4 Nc6a5
13.Bb3a4 Be6d7
14.Ba4b5 a6
15.Bb5a4 b5
16.Ba4b3 Na5xb3
17.axb3 Bd7c6
18.Nc3e2 g5
19.Bf4g3 Ne7f5
20.c3 Nf5xg3
21.Ne2xg3 Qd8d6
22.Ng3f5 Qd6f4
23.Nf5g3 d4
24.c4 b4
25.Ng3h5 Qf4g4
26.Nh5xg7 Kxg7
27.Rb1a1 Bc6xf3
28.Qd1xf3 Qg4xf3
29.gxf3 Rf8e8
30.Ra1a5 Re8e5
31.Kg2 Kf6
32.h3 Ke6
33.Rf1d1 Kd6
34.Kg3 h5
35.Ra5a1 Re5e2
36.Ra1b1 Ra8e8
37.Kg2 Ke5
38.Kg3 Kf5
39.Rd1f1 { draw }
1/2-1/2

[Event "Tourn. n9336"]
[Site "www.chess-mail.com"]
[Date "2017.07.08"]
[Round "1"]
[White "Sae80"]
[Black "Sorento"]
[WhiteElo "2149"]
[BlackElo "2260"]
[Result "0-1"]
[Round "1"]
1.e4 c5
2.Ng1f3 d6
3.d4 cxd4
4.Nf3xd4 Ng8f6
5.Nb1c3 g6
6.Bc1e3 Bf8g7
7.f3 O-O
8.Qd1d2 Nb8c6
9.O-O-O Bc8d7
10.g4 Ra8c8
11.h4 Nc6e5
12.Kb1 h5
13.g5 Nf6e8
14.f4 Ne5g4
15.Be3g1 Ne8c7
16.Bf1g2 a5
17.Nd4e2 b5
18.Bg1b6 Qd8e8
19.e5 b4
20.Nc3e4 Nc7b5
21.Bb6xa5 Rc8c4
22.Qd2d3 Bd7e6
23.Ne4d2 Rc4c8
24.Rd1f1 dxe5
25.Ba5xb4 Rc8d8
26.Qd3g3 Nb5d4
27.Ne2xd4 Rd8xd4
28.Bb4c3 exf4
29.Rf1xf4 Be6xa2
30.Kc1 Qe8b8
31.Rh1f1 Rd4xf4
32.Qg3xf4 Bg7xc3
33.Qf4xb8 Bc3xd2
34.Kxd2 Rf8xb8
{ resign }
0-1

[Event "Tourn. n9369"]
[Site "www.chess-mail.com"]
[Date "2017.07.08"]
[Round "1"]
[White "Attatroll"]
[Black "Falcoale"]
[WhiteElo "2060"]
[BlackElo "1970"]
[Result "1/2-1/2"]
[Round "1"]
1.e4 c5
2.b4 cxb4
3.d4 e6
4.Ng1f3 Ng8f6
5.Bf1d3 b6
6.O-O Bc8b7
7.Bc1b2 Nf6xe4
8.Rf1e1 d5
9.Nb1d2 Ne4xd2
10.Qd1xd2 a6
11.a3 Nb8c6
12.axb4 Nc6xb4
13.Bb2a3 Nb4xd3
14.Qd2xd3 Bf8xa3
15.Ra1xa3 O-O
16.Nf3e5 b5
17.Qd3d2 a5
18.Re1a1 b4
19.Ra3a2 f6
20.Ne5d3 Bb7c6
21.Nd3c5 Rf8e8
22.Qd2e3 e5
23.Nc5b3 Ra8a7
24.dxe5 Re8xe5
25.Qe3xa7 Qd8e8
26.h3 Re5e1
27.Ra1xe1 Qe8xe1
28.Kh2 Qe1e5
29.g3 h6
30.Ra2xa5 Qe5e2
31.Qa7c5 Bc6b7
32.Ra5a7 Bb7c6
33.Qc5xc6 Qe2xf2
34.Kh1 Qf2f1
35.Kh2 Qf1f2
36.Kh1 { draw }
1/2-1/2

[Event "Tourn. n9371"]
[Site "www.chess-mail.com"]
[Date "2017.07.08"]
[Round "1"]
[White "Orhany24"]
[Black "Faerieking"]
[WhiteElo "2230"]
[BlackElo "2260"]
[Result "0-1"]
[Round "1"]
1.e4 e5
2.Ng1f3 Nb8c6
3.Bf1c4 Ng8f6
4.O-O Bf8c5
5.c3 d6
6.d4 exd4
7.cxd4 Bc5b6
8.Nb1c3 O-O
9.h3 h6
10.Bc1f4 Nf6xe4
11.d5 Ne4xc3
12.bxc3 Nc6e7
13.Bc4b3 Bc8f5
14.c4 Kh8
15.Rf1e1 Ne7g6
16.Bf4g3 Qd8f6
17.Ra1c1 Bf5d7
18.Bb3c2 Ra8e8
19.Qd1d2 Re8xe1
20.Rc1xe1 Rf8e8
21.Re1xe8 Bd7xe8
22.Qd2d3 Ng6f8
23.Bg3h4 g5
24.Bh4g3 Qf6g6
25.Qd3c3 Qg6g7
26.Qc3d3 f5
27.Qd3e2 Be8d7
28.Nf3d2 f4
29.Bg3h2 Nf8g6
30.Qe2e4 Ng6e5
31.Kf1 Kg8
32.f3 Kf7
33.Bh2g1 Bb6xg1
34.Kxg1 Qg7g6
35.Qe4xg6 Ne5xg6
36.Nd2e4 b6
37.Kf2 Ng6e5
{ resign }
0-1

[Event "Tourn. n9325"]
[Site "www.chess-mail.com"]
[Date "2017.07.08"]
[Round "1"]
[White "Numanoid"]
[Black "Pdebonis"]
[WhiteElo "2480"]
[BlackElo "2600"]
[Result "1-0"]
[Round "1"]
1.e4 c5
2.Ng1f3 d6
3.d4 cxd4
4.Nf3xd4 Ng8f6
5.Nb1c3 g6
6.Bc1e3 Bf8g7
7.f3 O-O
8.Qd1d2 Nb8c6
9.Bf1c4 Bc8d7
10.O-O-O Ra8c8
11.Bc4b3 Nc6xd4
12.Be3xd4 b5
13.Nc3d5 Nf6xd5
14.Bd4xg7 Kxg7
15.exd5 a5
16.a3 Qd8b6
17.Rh1e1 Rf8e8
18.g4 Rc8c7
19.Re1e2 Bd7c8
20.Rd1e1 Bc8a6
21.Re2e4 Ba6c8
22.Kb1 h6
23.h4 f5
24.Re4f4 Re8f8
25.c3 Qb6a7
26.Bb3c2 Rc7c4
27.Rf4xc4 bxc4
28.g5 h5
29.Bc2a4 f4
30.Qd2d4 Qa7xd4
31.Re1xe7 Rf8f7
32.Re7xf7 Kxf7
33.cxd4 Bc8b7
34.Ba4c6 Bb7c8
35.Kc1 c3
36.b4 axb4
37.axb4 Bc8g4
38.b5 { resign }
1-0

[Event "Tourn. n9439"]
[Site "www.chess-mail.com"]
[Date "2017.07.08"]
[Round "1"]
[White "Fantomas"]
[Black "Dussek"]
[WhiteElo "1739"]
[BlackElo "1649"]
[Result "1-0"]
[Round "1"]
1.Ng1f3 Ng8f6
2.g3 g6
3.Bf1g2 Bf8g7
4.O-O d6
5.d4 O-O
6.c4 Bc8e6
7.Qd1b3 Qd8c8
8.Nf3g5 h6
9.Bg2xb7 Qc8d7
10.Ng5xe6 Qd7xe6
11.Bb7xa8 Qe6xe2
12.Ba8f3 Qe2e6
13.Bf3g2 Nb8d7
14.d5 Qe6e5
15.Bc1f4 Qe5d4
16.Bf4e3 Qd4e5
17.Nb1d2 Rf8b8
18.Qb3d3 Rb8xb2
19.Be3d4 Qe5g5
20.Bd4xb2 { resign }
1-0

[Event "Tourn. n9309"]
[Site "www.chess-mail.com"]
[Date "2017.07.08"]
[Round "1"]
[White "Nimzo"]
[Black "Pdebonis"]
[WhiteElo "2730"]
[BlackElo "2560"]
[Result "1-0"]
[Round "1"]
1.d4 Ng8f6
2.c4 e6
3.g3 c5
4.d5 exd5
5.cxd5 d6
6.Nb1c3 g6
7.Bf1g2 Bf8g7
8.Ng1f3 O-O
9.O-O Rf8e8
10.Bc1f4 Nb8a6
11.Rf1e1 Bc8g4
12.e4 Nf6d7
13.Qd1d2 c4
14.Bf4xd6 Na6c5
15.Bd6f4 Bg4xf3
16.Bg2xf3 Nc5d3
17.Re1e2 Qd8a5
18.Ra1b1 Nd7c5
19.Bf4g5 Ra8b8
20.Kg2 Nd3xb2
21.Qd2xb2 Bg7xc3
22.Qb2b5 Qa5xb5
23.Rb1xb5 Nc5d3
24.Bf3g4 a6
25.Rb5b1 f6
26.Bg5f4 Nd3xf4
27.gxf4 b5
28.Bg4d7 Re8d8
29.Bd7c6 Kf7
30.e5 Rb8c8
31.Rb1c1 Bc3d4
32.a4 c3
33.Rc1b1 Ke7
34.Kf3 c2
35.Rb1c1 b4
36.Rc1xc2 Bd4c3
37.h4 Rd8f8
38.Ke4 h6
39.Rc2c1 Kd8
40.e6 Ke7
41.f5 g5
42.hxg5 hxg5
43.Rc1xc3 bxc3
44.Kd4 c2
45.Re2xc2 Kd6
46.Rc2b2 Rf8h8
47.Rb2b6 { resign }
1-0

[Event "Tourn. n9413"]
[Site "www.chess-mail.com"]
[Date "2017.07.08"]
[Round "1"]
[White "Llcervello"]
[Black "Pachi"]
[WhiteElo "1590"]
[BlackElo "1590"]
[Result "0-1"]
[Round "1"]
1.e4 e5
2.d3 b6
3.c4 Bc8b7
4.f3 Bf8b4
5.Ke2 g6
6.a3 Bb4c5
7.Ng1h3 c6
8.Bc1g5 f6
9.Bg5e3 Bc5d4
10.Be3xd4 exd4
11.Nb1d2 d5
12.Qd1c2 dxe4
13.fxe4 f5
14.Nh3f2 c5
15.g3 Ng8f6
16.Bf1g2 g5
17.Rh1e1 Nf6h5
18.Kf1 f4
19.g4 Nh5f6
20.e5 Bb7xg2
21.Kxg2 Nf6d7
22.Qc2a4 O-O
23.e6 Qd8f6
24.Re1e4 Nd7e5
25.Ra1e1 Nb8c6
26.Nd2f3 Ra8e8
27.Nf3xe5 Re8xe6
28.Ne5xc6 Re6xc6
29.Qa4xa7 f3
30.Kh1 h5
31.Re4e7 hxg4
32.Nf2xg4 Qf6g6
33.Ng4e5 Qg6f6
34.Ne5xc6 f2
35.Re1f1 Qf6f3
{ resign }
0-1

[Event "Tourn. n9440"]
[Site "www.chess-mail.com"]
[Date "2017.07.08"]
[Round "1"]
[White "Pellix84"]
[Black "Astroboy"]
[WhiteElo "2110"]
[BlackElo "2210"]
[Result "0-1"]
[Round "1"]
1.d4 e6
2.Ng1f3 c5
3.g3 b5
4.e4 Qd8b6
5.Bf1g2 Bc8b7
6.O-O Bb7xe4
7.Rf1e1 d5
8.Nf3g5 Be4xg2
9.Kxg2 Ng8f6
10.a4 b4
11.a5 Qb6b7
12.c3 Bf8d6
13.Qd1f3 Nb8d7
14.Ng5h3 bxc3
15.bxc3 O-O
16.Nb1a3 Ra8b8
17.Bc1f4 Qb7c7
18.Ra1b1 Bd6xf4
19.Nh3xf4 Nf6e4
20.Nf4h5 Qc7xa5
21.Rb1xb8 Rf8xb8
22.Na3b1 cxd4
23.Re1c1 dxc3
{ resign }
0-1

[Event "Match"]
[Site "www.echecsemail.com"]
[Date "2017.07.08"]
[Round "1"]
[White "Cjood"]
[Black "Joseph1983"]
[WhiteElo "2040"]
[BlackElo "2180"]
[Result "0-1"]
[Round "1"]
1.c4 e6
2.Ng1f3 d5
3.e3 Ng8f6
4.cxd5 exd5
5.Nb1c3 Bf8d6
6.d4 c6
7.Bf1d3 Bc8g4
8.h3 Bg4h5
9.g4 Bh5g6
10.Bd3xg6 hxg6
11.Nf3g5 Qd8d7
12.Qd1f3 Nb8a6
13.e4 dxe4
14.Ng5xe4 Nf6xe4
15.Nc3xe4 Bd6b4
16.Ne4c3 Qd7xd4
17.O-O O-O-O
18.Qf3xf7 Rh8xh3
19.Bc1e3 Qd4xg4

0-1

[Event "Match"]
[Site "www.echecsemail.com"]
[Date "2017.07.08"]
[Round "1"]
[White "Chapi"]
[Black "Winston"]
[WhiteElo "2110"]
[BlackElo "1940"]
[Result "1-0"]
[Round "1"]
1.d4 d5
2.c4 e6
3.Nb1c3 Ng8f6
4.Bc1g5 Bf8e7
5.cxd5 exd5
6.Ng1f3 Nb8c6
7.e3 Bc8g4
8.Bf1e2 O-O
9.O-O Rf8e8
10.Ra1c1 h6
11.Bg5f4 Nf6h5
12.h3 Nh5xf4
13.hxg4 Nf4xe2
14.Qd1xe2 a6
15.Nc3a4 b6
16.Rc1xc6 Qd8d7
17.Rf1c1 Ra8c8
18.Nf3e5 Qd7d8
19.Qe2f3 Be7f6
20.Ne5d3 a5
21.Na4c3 Qd8d7
22.Nc3xd5 Re8e6
23.Nd5xf6 Re6xf6
24.Rc6xf6 gxf6
25.Qf3xf6 { resign }
1-0

[Event "Match"]
[Site "www.echecsemail.com"]
[Date "2017.07.08"]
[Round "1"]
[White "Llord"]
[Black "Orae"]
[WhiteElo "1940"]
[BlackElo "1720"]
[Result "1-0"]
[Round "1"]
1.e4 e5
2.Ng1f3 Nb8c6
3.Bf1c4 h6
4.O-O Ng8f6
5.Nb1c3 Bf8b4
6.a3 Bb4xc3
7.dxc3 b6
8.h3 Nf6xe4
9.Qd1d5 Ne4d6
10.Nf3xe5 Bc8b7
11.Ne5xc6 Bb7xc6
12.Qd5h5 Nd6xc4
13.b3 Nc4d6
14.Bc1b2 g6
15.Qh5e2 Qd8e7
16.Qe2xe7 Kxe7
17.Rf1e1 Kd8
18.c4 Bc6e4
19.Bb2xh8 c5
20.Bh8e5 Nd6f5
21.Re1xe4 d6
22.Be5f6 Kc7
23.b4 Kc6
24.Ra1e1 g5
25.Re4e8 Kb7
26.Re8xa8 Kxa8
27.g4 Nf5h4
28.Re1e8 Kb7
29.Re8e7 Ka6
30.b5 { resign }
1-0

[Event "Match"]
[Site "www.echecsemail.com"]
[Date "2017.07.08"]
[Round "1"]
[White "Olivia"]
[Black "Micheles"]
[WhiteElo "999"]
[BlackElo "2510"]
[Result "0-1"]
[Round "1"]
1.e4 c6
2.d4 d5
3.Nb1c3 dxe4
4.Nc3xe4 Bc8f5
5.Ne4g5 Bf5g6
6.Bf1d3 Bg6xd3
7.Qd1xd3 Ng8f6
8.Qd3c4 Qd8d5
9.Qc4b4 b5
 { time }
0-1

[Event "Match"]
[Site "www.echecsemail.com"]
[Date "2017.07.08"]
[Round "1"]
[White "Azorau"]
[Black "Traub"]
[WhiteElo "1840"]
[BlackElo "1410"]
[Result "1-0"]
[Round "1"]
1.e4 Ng8f6
2.Nb1c3 e5
3.Ng1f3 Nb8c6
4.Bf1c4 Bf8e7
5.Bc4xf7 Kxf7
6.Nf3g5 Kf8
7.d3 d5
8.Bc1d2 h6
9.Ng5f3 d4
10.Nc3e2 g5
11.Ne2g3 Kg7
12.Nf3g1 Bc8e6
{ time. }
1-0